Nemecko-slovenský, slovensko-nemecký stavebný slovník EÚ

Bibliographic Details
Main Authors: Noll, Bernd (Author), Krenčey, Ivan (Author)
Format: Software eBook
Language:Slovak
German
Published: Bratislava Vydavateľstvo Krenčey [2006]
Edition:[1. vyd.]
Subjects:

MARC

LEADER 00000nam a2200000 a 4500
001 vtls009082696
003 SK-MaSNL
005 20260301023345.0
007 co cgu muuua
008 240315s2006 xo fsd 000 0 slo
015 |a SNBS2006 
020 |a 8088861489 
040 |a SNK  |b slo  |c SNK  |e AACR2 
041 0 |a slo  |a ger 
044 |a xo  |c SK 
072 7 |a 81  |x Lingvistika. Jazyky  |2 konspekt 
080 |a 81'374.8-022.218  |2 2001 
080 |a 811.112.2  |2 2001 
080 |a 811.162.4  |2 2001 
080 |a 69  |2 2001 
080 |a (038)  |2 2001 
080 |a (0.034.44)  |2 2001 
100 1 |a Noll, Bernd  |4 aut  |9 315567 
245 1 0 |a Nemecko-slovenský, slovensko-nemecký stavebný slovník EÚ  |h elektronický zdroj  |c Bernd Noll, Ivan Krenčay 
246 3 3 |a Stavebný slovník EÚ  |b slovensko-nemecký a nemecko- slovenský 
250 |a [1. vyd.] 
256 |a Elektronické dokumenty 
260 |a Bratislava  |b Vydavateľstvo Krenčey  |c [2006] 
300 |a 1 elektronický optický disk (CD-ROM)  |c 12 cm 
500 |a Názov z obalu 
500 |a Dopĺňateľný digitálny slovník 
650 0 7 |a slovenčina  |2 SNKPH  |9 1350 
650 0 7 |a nemčina  |2 SNKPH  |9 1384 
650 0 7 |a stavebníctvo  |2 SNKPH  |9 726 
655 7 |a slovníky  |2 SNKPH  |9 70413 
655 7 |a dvojjazyčné slovníky  |2 SNKPH  |9 73034 
655 7 |a CD-ROM  |2 SNKPH  |9 70236 
700 1 |a Krenčey, Ivan  |4 aut  |9 5529 
919 |a 80-88861-48-9 
999 |c 569021  |d 570951 
952 |a SNK  |b SNK  |y PREZ  |7 0  |p 17A0558744  |o snkSCDM 1475  |i snk2007/17659  |8 0  |0 0  |1 0  |4 0  |d 2007-07-25  |l 0  |r 2026-02-23 14:09:29  |w 2026-02-23